000 00545nam a22001817a 4500
005 20251108163349.0
008 250721s1999 xx 000 0 ara d
082 1 4 _a343.3/عدل
100 1 _aخليل، عدلي
245 1 0 _aالبلاغ الكاذب و التعويض عنه /
264 1 _aالقاهرة :
_bدار الكتب القانونيه،
_c1999.
300 _a271ص
650 1 7 _aالقانون الجنائي
650 1 7 _aالعقوبات
650 1 7 _aالجرائم ضد الأفراد
942 _2ddc
_cBK
999 _c801
_d801